[Event "Druzynowe Mistrzostwa Polski Juniorow 2019 - II Liga"]
[Site "Szczyrk"]
[Date "1899-12-30"]
[Round "11.11"]
[White "Krzyzosiak, Marta"]
[Black "Skiba, Aleksandra"]
[Result "1-0"]
[WhiteTitle "I++"]
[BlackTitle "I++"]
[WhiteElo "1631"]
[BlackElo "1795"]

1. e4 d5 2. exd5 Qxd5 3. Nc3 Qd6 4. d4 Nf6 5. Nf3 c6 6. g3 Bg4 7. Bg2 e6 8. O-O
Be7 9. Bf4 Qd8 10. h3 Bh5 11. g4 Bg6 12. Ne5 Nbd7 13. Nxg6 hxg6 14. Ne2 Nb6 15.
b3 Bd6 16. c4 Bxf4 17. Nxf4 g5 18. Ne2 O-O 19. Qd2 Nfd7 20. Rad1 Rb8 21. Ng3 c5
22. d5 exd5 23. Bxd5 Ne5 24. Qe3 Qc7 25. Kg2 Ng6 26. Qxg5 Nxd5 27. cxd5 Nf4+ 28.
Kh2 Qd6 29. Nf5 Ne6+ 30. Nxd6 Nxg5 31. f4 Nh7 32. Ne4 b6 33. Kg3 f5 34. Ng5 Nxg5
35. fxg5 fxg4 36. Rxf8+ Kxf8 37. Kxg4 Rd8 38. d6 b5 39. Kf5 c4 40. bxc4 bxc4 41.
Ke6 c3 42. d7 c2 43. Rc1 Rb8 44. Rxc2 Rb6+ 45. Ke5 Ke7 46. Rd2 Re6+ 47. Kf4 Kd8
48. Kf5 Rb6 49. Ke5 a6 50. h4 Rb4 51. Ke6 Rxh4 52. Kf7 Rg4 53. g6 a5 54. Kxg7
a4 55. Kf7 Rf4+ 56. Kg8 Rg4 57. g7 Rg1 58. Rh2 Kxd7 59. Kh8 1-0

[Event "Druzynowe Mistrzostwa Polski Juniorow 2019 - II Liga"]
[Site "Szczyrk"]
[Date "1899-12-30"]
[Round "11.12"]
[White "Luniewska, Daria"]
[Black "Jedrzejko, Martyna"]
[Result "1-0"]
[WhiteTitle "II+"]
[BlackTitle "I"]
[WhiteElo "1335"]
[BlackElo "1472"]

1. d4 d5 2. Nf3 Nf6 3. Bg5 e6 4. e3 Nbd7 5. Bd3 Be7 6. Nbd2 O-O 7. c3 c5 8. Ne5
h6 9. Bf4 Nxe5 10. dxe5 Nd7 11. h4 f5 12. g4 Qe8 13. Rg1 Kh8 14. g5 hxg5 15. hxg5
g6 16. Rh1+ Kg7 17. Qf3 Rh8 18. O-O-O a6 19. c4 Nb6 20. cxd5 Nxd5 21. Bc4 Nxf4
22. exf4 Rb8 23. Qb3 Kf7 24. Bxa6 b6 25. Bb5 Qf8 26. Nc4 Kg7 27. Rxh8 Qxh8 28.
Nd6 Bxd6 29. exd6 Qd8 30. d7 Bb7 31. Qc3+ Kg8 32. f3 Bd5 33. Rh1 Kf7 34. Rh7+
Kg8 35. Qh8# 1-0

[Event "Druzynowe Mistrzostwa Polski Juniorow 2019 - II Liga"]
[Site "Szczyrk"]
[Date "1899-12-30"]
[Round "11.13"]
[White "Lichorad, Mateusz"]
[Black "Burdzicki, Jan"]
[Result "1/2-1/2"]
[WhiteTitle "I"]
[BlackTitle "II+"]
[WhiteElo "1801"]
[BlackElo "1717"]

1. e4 c6 2. d4 d5 3. Nc3 dxe4 4. Nxe4 Bf5 5. Ng3 Bg6 6. h4 h6 7. h5 Bh7 8. Nf3
Nd7 9. Bd3 Bxd3 10. Qxd3 e6 11. Bd2 Ngf6 12. O-O-O Be7 13. Ne4 Qb6 14. Nxf6+ Nxf6
15. Kb1 Rd8 16. c4 c5 17. Bc3 Qc7 18. Qe2 cxd4 19. Bxd4 Bc5 20. Bxc5 Rxd1+ 21.
Rxd1 Qxc5 22. Ne5 O-O 23. f4 Qc7 24. g4 Rd8 25. Rd3 Rxd3 26. Qxd3 Qb6 27. Kc2
Qf2+ 28. Qd2 Qxd2+ 29. Kxd2 Kf8 30. Ke3 Ke7 31. b4 Nd7 32. Nxd7 Kxd7 33. Kd4 f6
34. a4 Kc7 35. c5 a6 1/2-1/2

[Event "Druzynowe Mistrzostwa Polski Juniorow 2019 - II Liga"]
[Site "Szczyrk"]
[Date "1899-12-30"]
[Round "11.14"]
[White "Burdzicki, Stanislaw"]
[Black "Kupiecki, Szymon"]
[Result "1-0"]
[WhiteTitle "I"]
[BlackTitle "I"]
[WhiteElo "1660"]
[BlackElo "1573"]

1. d4 Nf6 2. c4 g6 3. Nc3 Bg7 4. e4 d6 5. h3 O-O 6. Be3 Nc6 7. Nge2 a6 8. g4 h5
9. f3 Rb8 10. Qd2 b5 11. Bh6 bxc4 12. O-O-O e5 13. Rg1 exd4 14. Nxd4 Nxd4 15.
Bxg7 Nb3+ 16. axb3 Kxg7 17. Bxc4 Be6 18. Qd4 Kh7 19. f4 h4 20. Qf2 Nd7 21. g5
Kg7 22. f5 gxf5 23. exf5 Bxc4 24. f6+ Kg6 25. Qc2+ 1-0

[Event "Druzynowe Mistrzostwa Polski Juniorow 2019 - II Liga"]
[Site "Szczyrk"]
[Date "1899-12-30"]
[Round "11.15"]
[White "Krawczyk, Flawian"]
[Black "Kaliszuk, Kamil"]
[Result "1/2-1/2"]
[WhiteTitle "I"]
[BlackTitle "I"]
[WhiteElo "1848"]
[BlackElo "1834"]

1. e4 e5 2. Nf3 Nc6 3. Bc4 Bc5 4. b4 Bxb4 5. c3 Ba5 6. d4 exd4 7. O-O Nge7 8. Ng5
d5 9. Nxf7 Kxf7 10. exd5 Ne5 11. Bb3 Kf8 12. Qh5 Nf7 13. d6 Nxd6 14. Qxa5 Bf5
15. Ba3 Qd7 16. cxd4 Re8 17. Nd2 Nc6 18. Qc3 Re7 19. Nc4 Ke8 20. d5 Nd8 21. Qb4
N8f7 22. Rfe1 Rxe1+ 23. Rxe1+ Kd8 24. Na5 Re8 25. Rc1 Qb5 26. Qxb5 Nxb5 27. Ba4
a6 28. Nxb7+ Kc8 29. Bxb5 axb5 30. Nd6+ Nxd6 31. Bxd6 Kd7 32. Bxc7 Rc8 33. d6
Ra8 34. g4 Bxg4 35. Rc2 Be6 36. Rb2 Bc4 37. Kg2 Rxa2 38. Rb4 1/2-1/2

[Event "Druzynowe Mistrzostwa Polski Juniorow 2019 - II Liga"]
[Site "Szczyrk"]
[Date "1899-12-30"]
[Round "11.16"]
[White "Binek, Dawid"]
[Black "Chmiel, Pawel"]
[Result "1/2-1/2"]
[WhiteTitle "II"]
[BlackTitle "II"]
[WhiteElo "1322"]
[BlackElo "1367"]

1. d4 Nf6 2. c4 g6 3. Nc3 Bg7 4. e4 d6 5. h3 O-O 6. Be3 Nbd7 7. Be2 e5 8. d5 Nc5
9. f3 a5 10. g4 h6 11. Qd2 g5 12. h4 Nh7 13. hxg5 Nxg5 14. Rh5 f6 15. Nh3 b6 16.
Nf2 Ba6 17. b3 Nd7 18. Nd3 a4 19. Nb4 axb3 20. axb3 Bb7 21. Qb2 Nc5 22. Rxa8 Qxa8
23. Nb5 Rf7 24. Rh1 Qa5 25. Bd2 Qa8 26. Kf2 Qb8 27. Ra1 Nh3+ 28. Kg3 Nf4 29. Kf2
Nxe2 30. Kxe2 Qe8 31. Be3 Bf8 32. Bxc5 dxc5 33. Nd3 c6 34. dxc6 Bxc6 35. Nc3 b5
36. cxb5 Bxb5 37. Nxb5 Qxb5 38. Rb1 Rd7 39. Qc2 Rd4 40. Rb2 Kh7 41. Rb1 Qa6 42.
Rc1 Kg8 43. Ke3 h5 44. Ke2 hxg4 45. Rg1 Kf7 46. Rxg4 c4 47. bxc4 Rxc4 48. Qb3
Ke8 49. Rg1 Qc8 50. Rd1 Rc2+ 51. Rd2 Rc3 52. Qa4+ Kf7 53. Nf2 1/2-1/2

[Event "Druzynowe Mistrzostwa Polski Juniorow 2019 - II Liga"]
[Site "Szczyrk"]
[Date "1899-12-30"]
[Round "11.17"]
[White "Kulpa, Zuzanna"]
[Black "Orlik, Sandra"]
[Result "1-0"]
[WhiteTitle "I++"]
[BlackTitle "I++"]
[WhiteElo "1802"]
[BlackElo "1805"]

1. d4 g6 2. c4 Bg7 3. Nc3 d6 4. Nf3 Nd7 5. g3 e5 6. Bg2 Ne7 7. O-O O-O 8. e4 exd4
9. Nxd4 Ne5 10. b3 N7c6 11. Nxc6 Nxc6 12. Bb2 Be6 13. Qd2 Qd7 14. Rac1 Rad8 15.
Nd5 f5 16. Nf4 Rde8 17. Bxg7 Kxg7 18. Qc3+ Kh6 19. Qd2 Kg7 20. Qc3+ Kh6 21. Qd2
g5 22. Nxe6 Qxe6 23. h4 Qf6 24. exf5 Qxf5 25. Rc3 Kg6 26. Rf3 Qe5 27. Rxf8 Rxf8
28. Re1 Qf6 29. Re6 Qxe6 30. Qxg5+ Kf7 31. Bd5 Ne5 32. Qf5+ 1-0

[Event "Druzynowe Mistrzostwa Polski Juniorow 2019 - II Liga"]
[Site "Szczyrk"]
[Date "1899-12-30"]
[Round "11.18"]
[White "Bienek, Magdalena"]
[Black "Kulpa, Karolina"]
[Result "1-0"]
[WhiteTitle "II"]
[BlackTitle "I"]
[WhiteElo "1104"]
[BlackElo "1273"]

1. e4 e5 2. Nf3 Nf6 3. Nxe5 d6 4. Nf3 Nxe4 5. Nc3 Nxc3 6. dxc3 Be7 7. Be3 O-O 8.
Qd2 Nd7 9. Bd3 Ne5 10. O-O-O Be6 11. Bd4 Nc4 12. Bxc4 Bxc4 13. Bxg7 Kxg7 14. Qd4+
Bf6 15. Qxc4 Qd7 16. Rhe1 b5 17. Qf4 Rfe8 18. Ne5 Bxe5 19. Rxe5 Rxe5 20. Qxe5+
dxe5 21. Rxd7 Rc8 22. Rd5 c6 23. Rxe5 Kf6 24. Re3 Rg8 25. Rf3+ Ke7 26. Rg3 Rh8
27. Re3+ Kf6 28. g3 Rg8 29. Re4 Rc8 30. a4 a6 31. axb5 axb5 32. c4 Ra8 33. cxb5
Ra1+ 34. Kd2 cxb5 35. Kc3 Rh1 36. h4 Rf1 37. Rf4+ Ke6 38. Kb4 Rb1 39. b3 Rb2 40.
Kxb5 Rxc2 41. b4 Rc8 42. Ka6 Rb8 43. b5 Kd6 44. Rxf7 Kc5 45. Rc7+ Kb4 46. b6 1-0

[Event "Druzynowe Mistrzostwa Polski Juniorow 2019 - II Liga"]
[Site "Szczyrk"]
[Date "1899-12-30"]
[Round "11.19"]
[White "Grochol, Kamil"]
[Black "Luczak, Filip"]
[Result "0-1"]
[WhiteTitle "I"]
[BlackTitle "CM"]
[WhiteElo "1714"]
[BlackElo "2144"]

1. e4 c5 2. Ne2 d6 3. d4 cxd4 4. Nxd4 Nf6 5. f3 e5 6. Bb5+ Bd7 7. Bxd7+ Qxd7 8.
Nf5 d5 9. Bg5 d4 10. O-O Ng8 11. Qd3 h6 12. Bd2 Ne7 13. f4 Nxf5 14. exf5 Nc6 15.
fxe5 Nxe5 16. Re1 f6 17. Bf4 Bd6 18. Qxd4 Qxf5 19. Qxd6 Qxf4 20. Nc3 Kf7 21. Qd5+
Kg6 22. Re4 Qg5 23. Rf1 Rad8 24. Qxb7 Rd2 25. Ref4 Re8 26. Qe4+ Kf7 27. Nb1 Rdd8
28. Rf5 Qg6 29. Nc3 Ng4 30. Qc4+ Kf8 31. Nd5 Ne5 32. Qb4+ Kf7 33. Nc3 Kg8 34.
h3 Rd2 35. R5f2 Nf3+ 36. Kh1 Rxf2 37. Qc4+ Qf7 38. Qxf7+ Kxf7 0-1

[Event "Druzynowe Mistrzostwa Polski Juniorow 2019 - II Liga"]
[Site "Szczyrk"]
[Date "1899-12-30"]
[Round "11.20"]
[White "Majewski, Krzysztof"]
[Black "Oles, Martin"]
[Result "1/2-1/2"]
[WhiteTitle "I"]
[BlackTitle "I"]
[WhiteElo "1719"]
[BlackElo "1682"]

1. e4 c5 2. d4 cxd4 3. c3 Nc6 4. cxd4 d5 5. Nc3 e6 6. e5 Nge7 7. Nf3 a6 8. Bd3
Nf5 9. Bxf5 exf5 10. O-O Be6 11. a3 Be7 12. Be3 O-O 13. b4 Rc8 14. Rc1 b5 15.
Ne1 a5 16. Nd3 axb4 17. axb4 Nxb4 18. Nxb4 Bxb4 19. Nxb5 Rxc1 20. Qxc1 Qb6 21.
Nd6 Bxd6 22. exd6 Qxd6 23. Qd2 Rc8 24. Rc1 Rc4 25. h3 h6 26. Ra1 Rc8 27. Rc1 Qd7
28. Rxc8+ Qxc8 29. Qc1 Qa6 30. Kh2 Qd3 31. Qd2 Qc4 32. Kg1 Qc7 33. Qc1 Qc4 34.
Qd2 Qa4 35. f4 Bd7 36. Kh2 Qb3 37. Bf2 Qb1 38. Qe1 Qe4 39. Qxe4 fxe4 40. Kg3 f5
41. Be1 g5 42. Bd2 Kf7 1/2-1/2

[Event "Druzynowe Mistrzostwa Polski Juniorow 2019 - II Liga"]
[Site "Szczyrk"]
[Date "1899-12-30"]
[Round "11.21"]
[White "Jendrowiak, Maciej"]
[Black "Grzesik, Gracjan"]
[Result "0-1"]
[WhiteTitle "II"]
[BlackTitle "I++"]
[WhiteElo "1507"]
[BlackElo "1974"]

1. d4 d5 2. c4 e6 3. Nc3 Nf6 4. cxd5 exd5 5. Bg5 Be7 6. e3 b6 7. Nf3 O-O 8. h3
Bb7 9. Bd3 Ne4 10. Bf4 Nd7 11. Qc2 f5 12. O-O c6 13. Ne5 Nxe5 14. Bxe5 Bd6 15.
Bxd6 Qxd6 16. Bxe4 fxe4 17. Ne2 Ba6 18. Rfe1 Rf6 19. h4 h6 20. Nf4 g5 21. hxg5
hxg5 22. Nh3 Rh6 23. Rac1 Kg7 24. Qd1 Rh4 25. f4 exf3 26. Qxf3 Rf8 27. Qd1 Rxh3
28. gxh3 Qg3+ 29. Kh1 Qxh3+ 30. Kg1 Qg3+ 31. Kh1 Rh8+ 0-1

[Event "Druzynowe Mistrzostwa Polski Juniorow 2019 - II Liga"]
[Site "Szczyrk"]
[Date "1899-12-30"]
[Round "11.22"]
[White "Bochniak, Franciszek"]
[Black "Smuda, Tomasz"]
[Result "1-0"]
[WhiteTitle "II+"]
[BlackTitle "II"]
[WhiteElo "1194"]
[BlackElo "1297"]

1. d4 c5 2. e3 g6 3. Nf3 cxd4 4. exd4 Bg7 5. c3 e6 6. Bf4 d5 7. Nbd2 Ne7 8. Bb5+
Bd7 9. Bxd7+ Qxd7 10. O-O O-O 11. Nb3 b6 12. Re1 Nbc6 13. Qe2 Nf5 14. a4 Rfe8
15. Qd3 f6 16. Bd2 e5 17. dxe5 fxe5 18. Qb5 a6 19. Qe2 e4 20. Ng5 Ne5 21. Nc1
Rac8 22. Bf4 Nc4 23. Rd1 Qc6 24. Na2 a5 25. Nc1 h6 26. Nh3 d4 27. Qc2 e3 28. f3
e2 29. Nxe2 dxc3 30. bxc3 Nce3 31. Qb3+ Kh7 32. Rd3 Nxg2 33. Ng3 Nfh4 34. Rf1
Ne1 35. Rd6 Nhxf3+ 36. Kh1 Qxc3 37. Qf7 Qc2 38. Rf2 Qb1 39. Bxh6 Rg8 40. Bxg7
Rxg7 41. Qd5 Rc1 42. Rf1 Nh4 43. Rd8 g5 44. Nxg5+ Rxg5 45. Qxg5 Nf5 46. Rd7+ Kh8
47. Qd8# 1-0

[Event "Druzynowe Mistrzostwa Polski Juniorow 2019 - II Liga"]
[Site "Szczyrk"]
[Date "1899-12-30"]
[Round "11.23"]
[White "Kroliczek, Gabriela"]
[Black "Bienko, Jagoda"]
[Result "0-1"]
[WhiteTitle "I++"]
[BlackTitle "I"]
[WhiteElo "1664"]
[BlackElo "1415"]

1. d4 d5 2. c4 e6 3. Nc3 Nf6 4. cxd5 exd5 5. Bg5 Be7 6. e3 O-O 7. Bd3 Nbd7 8. Nf3
b6 9. h3 Bb7 10. Qc2 h6 11. Bf4 Rc8 12. O-O c5 13. Rad1 c4 14. Be2 a6 15. Ne5
b5 16. a3 Qb6 17. g4 Qe6 18. Bh2 Nxe5 19. dxe5 Ne4 20. f4 Bc5 21. Rd4 Bxd4 22.
exd4 Qb6 23. Rd1 b4 24. axb4 Qxb4 25. Bf3 Nxc3 26. bxc3 Qb3 27. Qd2 a5 28. f5
a4 29. f6 a3 30. fxg7 Kxg7 31. g5 Qb6 32. Kh1 Ra8 33. gxh6+ Qxh6 34. Rg1+ Kh7
35. Qc2+ Kh8 36. e6 Qxe6 37. Be5+ f6 38. Rg4 Qxg4 39. Bxg4 a2 40. Qd2 a1=Q+ 41.
Bd1 Qb1 42. Qh6+ Qh7 43. Bxf6+ Rxf6 44. Qxf6+ Qg7 45. Qh4+ Kg8 46. Qh5 Rf8 47.
Bg4 Qf6 0-1

[Event "Druzynowe Mistrzostwa Polski Juniorow 2019 - II Liga"]
[Site "Szczyrk"]
[Date "1899-12-30"]
[Round "11.24"]
[White "Grzesik, Nikola"]
[Black "Seemann, Pola"]
[Result "1-0"]
[WhiteTitle "I"]
[BlackTitle "I"]
[WhiteElo "1338"]
[BlackElo "1343"]

1. e4 e5 2. Nf3 Nc6 3. d4 exd4 4. Nxd4 Nf6 5. Nc3 Bb4 6. Nxc6 bxc6 7. Bd3 O-O 8.
O-O d5 9. exd5 cxd5 10. Bg5 c6 11. h3 Be7 12. Qf3 h6 13. Bf4 Be6 14. Rfe1 Bd6
15. Be5 Bxe5 16. Rxe5 Rb8 17. Na4 Qc7 18. Ree1 Rfe8 19. c3 c5 20. b3 Bd7 21. Nb2
Bc6 22. Qg3 Qxg3 23. fxg3 Rbd8 24. Rxe8+ Rxe8 25. Kf2 Ne4+ 26. Bxe4 Rxe4 27. Nd3
g5 28. Nxc5 Re7 29. Re1 Rxe1 30. Kxe1 Kg7 31. Kf2 Kf6 32. a4 Ke5 33. Ke3 f5 34.
Nd3+ Kd6 35. Kd4 Be8 36. Ne5 h5 37. g4 fxg4 38. hxg4 hxg4 39. Nxg4 Bh5 40. Nf6
Bf7 41. c4 dxc4 42. Ne4+ Kc6 43. bxc4 g4 44. a5 Be6 45. Nc5 Bc8 46. Nb3 Kd6 47.
Nd2 Kc6 48. Ne4 Bd7 49. g3 Bc8 50. Ke5 Bd7 51. Nf6 Bc8 52. Kd4 Kd6 53. Ne4+ Kc6
54. Nc3 Kb7 55. Nb5 Ka6 56. Kc5 Kxa5 57. Nxa7 Bf5 58. Kc6 Ka6 59. Nb5 Bd3 60.
Nc7+ Ka7 61. c5 Kb8 62. Kb6 Bf5 63. Ne8 Bd7 64. Nd6 Ka8 65. c6 Bxc6 66. Kxc6 Kb8
67. Ne4 Kc8 68. Nf6 Kd8 69. Kd6 Kc8 70. Nxg4 Kd8 71. Nf6 Kc8 72. g4 Kb7 73. g5
Kc8 74. g6 Kb7 75. g7 Ka7 76. g8=Q Ka6 77. Qb3 Ka7 78. Kc7 Ka8 79. Qb7# 1-0

[Event "Druzynowe Mistrzostwa Polski Juniorow 2019 - II Liga"]
[Site "Szczyrk"]
[Date "1899-12-30"]
[Round "11.25"]
[White "Krawczyk, Wojciech"]
[Black "Sanz, Wawer Daniel"]
[Result "0-1"]
[WhiteTitle "I"]
[BlackTitle "k"]
[WhiteElo "1780"]
[BlackElo "2154"]

1. d4 Nf6 2. c4 e6 3. Nc3 Bb4 4. Bd2 O-O 5. Nf3 d5 6. e3 a6 7. a3 Be7 8. Rc1 dxc4
9. Bxc4 c5 10. dxc5 Bxc5 11. b4 Ba7 12. a4 Qe7 13. Qb3 Nc6 14. Rb1 e5 15. Nd5
Nxd5 16. Bxd5 e4 17. Bxc6 bxc6 18. Nd4 Qg5 19. g3 c5 20. Nc6 Qf6 21. Nxa7 Qf3
22. Rg1 Bg4 23. Qd1 Qxd1+ 24. Rxd1 Bxd1 25. Kxd1 Rxa7 26. bxc5 Rc7 27. Ke2 Rxc5
28. Rb1 Rc2 29. Rb4 Rd8 30. Rd4 Rxd4 31. exd4 Rc4 32. Ke3 Rxa4 33. Kxe4 Kf8 34.
Kd5 Ke7 35. Kc5 Kd7 36. h4 Ra2 37. Be3 Rb2 38. d5 g6 39. Bd4 Rb1 40. Bc3 Rb5+
41. Kc4 Kd6 42. Bd4 Rxd5 0-1

[Event "Druzynowe Mistrzostwa Polski Juniorow 2019 - II Liga"]
[Site "Szczyrk"]
[Date "1899-12-30"]
[Round "11.26"]
[White "Golecki, Jan"]
[Black "Wrona, Florian"]
[Result "1-0"]
[WhiteTitle "I++"]
[BlackTitle "I"]
[WhiteElo "1947"]
[BlackElo "1567"]

1. e4 c5 2. Nf3 d6 3. d4 cxd4 4. Qxd4 Nc6 5. Bb5 Bd7 6. Qd3 Nf6 7. Nc3 g6 8. Bg5
Bg7 9. O-O-O O-O 10. e5 Bf5 11. Qe2 Ne8 12. Bxc6 bxc6 13. exd6 Nxd6 14. Bxe7 Re8
15. Bxd8 Rxe2 16. Nxe2 Rxd8 17. Ng3 Bf8 18. Nxf5 gxf5 19. Rhe1 Rb8 20. Ne5 Bg7
21. Rxd6 h6 22. c3 1-0

[Event "Druzynowe Mistrzostwa Polski Juniorow 2019 - II Liga"]
[Site "Szczyrk"]
[Date "1899-12-30"]
[Round "11.27"]
[White "Knapik, Kamil"]
[Black "Kazmierowski, Tymon"]
[Result "1/2-1/2"]
[WhiteTitle "II+"]
[BlackTitle "II"]
[WhiteElo "1583"]
[BlackElo "1537"]

1. d4 d5 2. c4 e6 3. Nc3 c6 4. e3 f5 5. cxd5 exd5 6. Nf3 Bd6 7. Ne5 Nf6 8. f4 O-O
9. Be2 Be6 10. O-O Nbd7 11. a3 c5 12. b3 cxd4 13. exd4 Rc8 14. Bb2 Ne4 15. Nxe4
fxe4 16. Kh1 Rf6 17. Rc1 Nb6 18. Rxc8 Bxc8 19. Qc1 Rh6 20. g3 Qe8 21. a4 a5 22.
Ba3 Bh3 23. Re1 Bxe5 24. fxe5 Rc6 25. Qe3 Qc8 26. Rc1 Rxc1+ 27. Qxc1 Qxc1+ 28.
Bxc1 Kf7 29. g4 Nc8 30. Kg1 Ne7 31. Kf2 h5 32. gxh5 Bd7 33. Bb2 Nc6 34. Bc3 b6
35. Kg3 Be8 36. Bg4 Nd8 37. Bd2 Ne6 38. Bxe6+ Kxe6 39. Kg4 Ke7 40. h4 Kf7 41.
b4 axb4 42. Bxb4 Bxa4 43. Kg5 Bd7 1/2-1/2

[Event "Druzynowe Mistrzostwa Polski Juniorow 2019 - II Liga"]
[Site "Szczyrk"]
[Date "1899-12-30"]
[Round "11.28"]
[White "Wolski, Michal"]
[Black "Szlosarczyk, Hubert"]
[Result "1/2-1/2"]
[WhiteTitle "II"]
[BlackTitle "I"]
[WhiteElo "1454"]
[BlackElo "1549"]

1. e4 e6 2. d4 d5 3. Nd2 c5 4. exd5 exd5 5. Ngf3 Nc6 6. dxc5 Bxc5 7. Bd3 Nge7 8.
O-O Bg4 9. Be2 O-O 10. Nb3 Bb6 11. Bf4 Re8 12. c3 Ng6 13. Bg3 Qf6 14. Qd2 Rad8
15. Rae1 d4 16. cxd4 Bxd4 17. Nfxd4 Rxe2 18. Rxe2 Bxe2 19. Qxe2 Nxd4 20. Nxd4
Qxd4 21. Re1 h6 22. h3 Qd2 23. b3 Qxe2 24. Rxe2 Kh7 25. Rc2 Rd7 26. Rc7 Rxc7 27.
Bxc7 Ne7 28. Kf1 Nd5 29. Be5 Nb4 30. a3 Nc6 31. Bc3 g5 32. Ke2 Kg6 33. Ke3 f5
1/2-1/2

[Event "Druzynowe Mistrzostwa Polski Juniorow 2019 - II Liga"]
[Site "Szczyrk"]
[Date "1899-12-30"]
[Round "11.29"]
[White "Czarnecka, Lidia"]
[Black "Trzaskowska, Hanna"]
[Result "1/2-1/2"]
[WhiteTitle "I++"]
[BlackTitle "I"]
[WhiteElo "1731"]
[BlackElo "1628"]

1. e4 c5 2. Nf3 e6 3. d4 cxd4 4. Nxd4 Nf6 5. Bd3 Nc6 6. Nxc6 dxc6 7. O-O e5 8.
Bg5 Be7 9. Qf3 Qc7 10. Nc3 Be6 11. h3 h6 12. Be3 O-O 13. Rad1 Rad8 14. Qe2 Bd6
15. b3 b6 16. Nb1 Nd7 17. c4 Bc5 18. Bc2 Bxe3 19. Qxe3 Nc5 20. Nc3 Bc8 21. Ne2
Ne6 22. Rxd8 Rxd8 23. Rd1 Rxd1+ 24. Bxd1 Qd6 25. Bc2 Nd4 26. Nxd4 exd4 27. Qd3
g6 28. Qd2 Kg7 29. Bd3 c5 30. Qe2 Qe5 1/2-1/2

[Event "Druzynowe Mistrzostwa Polski Juniorow 2019 - II Liga"]
[Site "Szczyrk"]
[Date "1899-12-30"]
[Round "11.30"]
[White "Moscicka, Alicja"]
[Black "Slusarczyk, Anna"]
[Result "1-0"]
[WhiteTitle "II"]
[BlackTitle "I"]
[WhiteElo "1000"]
[BlackElo "1328"]

1. d4 Nf6 2. c4 e6 3. g3 c5 4. e3 Nc6 5. Bg2 cxd4 6. exd4 d5 7. cxd5 exd5 8. Ne2
Bf5 9. Nbc3 Nb4 10. O-O Be7 11. Bf4 O-O 12. a3 Nc6 13. Re1 Qd7 14. Rc1 Rfe8 15.
Nb5 Bd8 16. Nec3 Rxe1+ 17. Qxe1 Bb6 18. Qd2 a6 19. Nd6 Nxd4 20. Nxd5 Nxd5 21.
Bxd5 Be6 22. Bxe6 Qxe6 23. Kg2 Qd5+ 24. Kh3 Qh5+ 25. Kg2 Qd5+ 26. Kh3 Qh5+ 27.
Kg2 Nf3 28. Qd1 g5 29. Qxf3 Qxf3+ 30. Kxf3 gxf4 31. Kxf4 Bxf2 32. Nxb7 Bd4 33.
Rb1 Rb8 34. Na5 Bxb2 35. Kf3 Be5 36. Rxb8+ Bxb8 37. Ke4 Kg7 38. Kd5 Bc7 39. Nb7
Bb6 40. Kc6 Bg1 41. h3 Bf2 42. g4 Kg6 43. Nc5 Be1 44. Nxa6 Kg5 45. Nb4 Kh4 46.
Kb5 Kxh3 47. g5 Bh4 48. a4 Bxg5 49. a5 Be3 50. Nd5 Ba7 51. Ka6 Bb8 52. Kb7 Be5
53. a6 Bd4 54. Nb6 f5 55. a7 f4 56. a8=Q f3 57. Qc8+ Kg2 58. Qg4+ Kf2 59. Qxd4+
Kg2 60. Qg4+ Kf2 61. Kc6 Ke3 62. Qg5+ Ke2 63. Qe5+ Kf1 64. Kc5 f2 65. Kd4 h5 66.
Ke3 Kg1 67. Qg3+ Kh1 68. Kxf2 1-0

[Event "Druzynowe Mistrzostwa Polski Juniorow 2019 - II Liga"]
[Site "Szczyrk"]
[Date "1899-12-30"]
[Round "11.31"]
[White "Jarzebowski, Kacper"]
[Black "Tustanowski, Mateusz"]
[Result "1-0"]
[WhiteTitle "k"]
[BlackTitle "I++"]
[WhiteElo "1987"]
[BlackElo "1948"]

1. Nf3 c5 2. d3 Nc6 3. e4 e5 4. g3 g6 5. Bg2 Bg7 6. O-O Nge7 7. Nc3 O-O 8. Be3
d6 9. Qd2 f5 10. Bg5 Be6 11. Nd5 Bxd5 12. exd5 Nd4 13. Bh6 Nxf3+ 14. Bxf3 f4 15.
Bxg7 Kxg7 16. c3 Nf5 17. Be4 Qg5 18. Rae1 Rf7 19. b3 Raf8 20. Kh1 Qh5 21. gxf4
Qh4 22. fxe5 dxe5 23. Bg2 Nh6 24. Qe3 Ng4 25. Qg3 Qh5 26. f3 Nf6 27. Qxe5 Qh6
28. f4 Kg8 29. Qg5 Qg7 30. f5 Nh5 31. fxg6 Rxf1+ 32. Rxf1 Rxf1+ 33. Bxf1 hxg6
34. d6 Qf8 35. Qxg6+ Ng7 36. Bg2 Qf2 37. Qg3 1-0

[Event "Druzynowe Mistrzostwa Polski Juniorow 2019 - II Liga"]
[Site "Szczyrk"]
[Date "1899-12-30"]
[Round "11.32"]
[White "Kukula, Karol"]
[Black "Dalkowski, Rafal"]
[Result "1/2-1/2"]
[WhiteTitle "I"]
[BlackTitle "II+"]
[WhiteElo "1770"]
[BlackElo "1731"]

1. e4 c6 2. d4 d5 3. Nc3 dxe4 4. Nxe4 Bf5 5. Ng3 Bg6 6. h4 h6 7. Nf3 Nd7 8. h5
Bh7 9. Bd3 Bxd3 10. Qxd3 Ngf6 11. Bd2 e6 12. O-O-O Be7 13. Qe2 Qb6 14. Rhe1 O-O
15. Ne5 c5 16. Nxd7 Nxd7 17. Bc3 Bg5+ 18. Kb1 Nf6 19. Ne4 Nd5 20. dxc5 Nxc3+ 21.
Nxc3 Qxc5 22. Ne4 Qe7 23. Qf3 Rfd8 24. a3 b6 25. Nxg5 Qxg5 26. Rd3 Rac8 27. Red1
Rxd3 28. Rxd3 Rd8 29. Rxd8+ Qxd8 30. b3 a5 31. a4 Qd4 32. Ka2 e5 33. Qf5 e4 34.
Qc8+ Kh7 35. Qf5+ Kg8 36. Qc8+ Kh7 1/2-1/2

[Event "Druzynowe Mistrzostwa Polski Juniorow 2019 - II Liga"]
[Site "Szczyrk"]
[Date "1899-12-30"]
[Round "11.33"]
[White "Zdybel, Przemyslaw"]
[Black "Pisarek, Jan"]
[Result "0-1"]
[WhiteTitle "I"]
[BlackTitle "I"]
[WhiteElo "1710"]
[BlackElo "1616"]

1. e4 c5 2. Nf3 e6 3. d4 cxd4 4. Nxd4 Nf6 5. Bd3 Nc6 6. Nxc6 bxc6 7. O-O d5 8.
Nd2 Be7 9. Qe2 O-O 10. c4 dxe4 11. Nxe4 Qc7 12. f4 Bb7 13. Bd2 c5 14. Bc3 Nxe4
15. Bxe4 Bxe4 16. Qxe4 Rfe8 17. Rae1 Rad8 18. h3 Bf8 19. f5 exf5 20. Qxe8 Rxe8
21. Rxe8 Qd7 22. Rfe1 f6 23. Ra8 Kf7 24. Kh1 Be7 25. Rb8 f4 26. Rf1 Qc7 27. Rb5
Qd7 28. Ra5 Qc7 29. Rf3 Bd6 30. Ra3 Qb7 31. Rb3 Qc7 32. Bd2 g5 33. Rbd3 Kg6 34.
Rd5 Be5 35. Bc3 Bxc3 36. Rxc3 Qe7 37. a3 h5 38. Rdd3 g4 39. hxg4 hxg4 40. Rc1
g3 41. Kg1 Qh7 42. Rdd1 Qh2+ 43. Kf1 Qh1+ 44. Ke2 Qxg2+ 45. Kd3 Qf3+ 46. Kc2 Qe4+
47. Kb3 f3 48. Rg1 Qf4 49. Rcf1 f2 50. Rg2 Qf3+ 0-1

[Event "Druzynowe Mistrzostwa Polski Juniorow 2019 - II Liga"]
[Site "Szczyrk"]
[Date "1899-12-30"]
[Round "11.34"]
[White "Duda, Leon"]
[Black "Wieckowski, Michal"]
[Result "1-0"]
[WhiteTitle "II"]
[BlackTitle "II+"]
[WhiteElo "1272"]
[BlackElo "1383"]

1. e4 d5 2. exd5 Nf6 3. Nf3 Nxd5 4. d3 Nc6 5. Be2 Bg4 6. h3 Bh5 7. O-O e6 8. Be3
Be7 9. Nbd2 O-O 10. Nb3 Bf6 11. d4 Bg6 12. c3 e5 13. Bb5 exd4 14. Bxc6 bxc6 15.
Bxd4 Bh5 16. Bxf6 Qxf6 17. Qd4 Bxf3 18. Qxf6 Nxf6 19. gxf3 Rfd8 20. Rad1 Nd5 21.
Nd4 Rd6 22. Nxc6 Nxc3 23. Rxd6 Ne2+ 24. Kh2 cxd6 25. Re1 Nf4 26. Rd1 d5 27. Ne7+
Kf8 28. Nxd5 Rd8 29. Ne3 Rxd1 30. Nxd1 Ke7 31. Kg3 Nd3 32. f4 Ke6 33. Kf3 f6 34.
Ke3 Nb4 35. Nc3 f5 36. a3 Nc6 37. Nb5 Kd5 38. b4 h6 39. h4 g6 40. Kd3 a5 41. Nc3+
Kd6 42. b5 Nb8 43. Kd4 Nd7 44. a4 Nb6 45. Nd1 Nxa4 46. Ne3 Kc7 47. Nc4 h5 48.
f3 Kb7 49. Nxa5+ Kb6 50. Nc4+ Kxb5 51. Ne5 Nb2 52. Nxg6 Kc6 53. Ke5 Kd7 54. Kxf5
Ke8 55. Kg5 Nc4 56. Kxh5 Ne3 57. Kg5 Kf7 58. Ne5+ Kg8 59. f5 Nd5 60. f6 1-0

[Event "Druzynowe Mistrzostwa Polski Juniorow 2019 - II Liga"]
[Site "Szczyrk"]
[Date "1899-12-30"]
[Round "11.35"]
[White "Wolszczak, Natalia"]
[Black "Pisarek, Elzbieta"]
[Result "0-1"]
[WhiteTitle "I"]
[BlackTitle "I"]
[WhiteElo "1217"]
[BlackElo "1605"]

1. e4 c5 2. c3 e5 3. Nf3 Nc6 4. d4 cxd4 5. cxd4 exd4 6. Nxd4 Nf6 7. Nc3 Bb4 8.
Nxc6 bxc6 9. Qf3 Qe7 10. Bd3 d5 11. e5 Qxe5+ 12. Qe3 Qxe3+ 13. Bxe3 c5 14. Bd2
O-O 15. O-O Bb7 16. Rfe1 c4 17. Bf1 Rfe8 18. Rad1 Rxe1 19. Bxe1 Re8 20. Bd2 d4
21. Ne4 Bxd2 22. Nxd2 c3 23. bxc3 dxc3 24. Nb3 c2 25. Rc1 Be4 26. Nc5 Bg6 27.
Bd3 Rc8 28. Bxg6 hxg6 29. Nd3 Rd8 30. Nb2 Rd2 31. f3 Nd5 32. Kf1 Nb4 33. Re1 Nxa2
34. Nd3 Rxd3 35. Re8+ Kh7 36. Re1 Rd1 37. Rxd1 cxd1=Q+ 0-1